000 00559cam a2200205ua 4500
001 2912
008 110916n ii |||gr||||Z||||||asm
020 _a81-237-1566-8
040 _cMAIN
082 _a920
100 1 _aBose, Shishir Kumar,
_eAuthor.
245 1 1 _aNetaji Subhas Chandra Bose
_cby Shishir Kumar Bose
250 _a1st.
260 _aNew Delhi:
_bNational book trust ,995.
300 _a135p:
_c23cm.
653 _aBiography
653 _aBiography of Netaji Subhas Chandra Bose
700 1 _aBora, Gautam Kumar,
_eTranslator.,
942 _cBK
999 _c2760
_d2760